000
00279nam a2200121 a 4500
001
4140
005
20140414131949.0
008
090218s19uu xx 00 eng d
050
_a
TR
_b
G59 1992
100
_a
Emberly, Ed
245
_a
Go away big green monster!.
999
_c
112741
_d
112741